Statistiques concernant Harry Potter: le Livre d’Admission à Poudlard

Cliquez ici pour prendre le quiz!

Statistiques générales

  • Ce quiz a été pris 15 fois
  • Le résultat moyen est 4 sur 6

Statistiques - réponses

InformationRéponses% Correct
Première apparition (site)Pottermore
86%
Dernière apparition (site)Pottermore
86%
CréateursFondateurs de Poudlard
79%
CouleurNoir
71%
UtilisationSavoir quels élèves sont admis à Poudlard
57%
Matériau utiliséPeau de dragon écaillée
7%

Distribution des résultats

Percentile par nombre de réponses

% des personnes avec chaque résultat

Votre développement - résultats

Vous n’avez pas pris ce quiz